[Event "37th Asia-ch U20"]
[Site "Bishkek KGZ"]
[Date "2015.10.06"]
[Round "4.3"]
[White "Harsha, Bharathakoti"]
[Black "Taalaibekov, Tagir"]
[Result "1/2-1/2"]
[WhiteElo "2384"]
[BlackElo "2202"]
[EventDate "2015.10.03"]
[PlyCount "99"]

1.Nf3 c5 2.c4 Nc6 3.Nc3 e5 4.g3 g6 5.Bg2 Bg7 6.O-O Nge7 7.a3 d6 8.b4 O-O 
9.Rb1 h6 10.d3 Rb8 11.Bd2 Be6 12.Ne1 f5 13.b5 Na5 14.Nd5 Nxd5 15.cxd5 Bd7 
16.Nc2 b6 17.f4 Nb7 18.a4 Qe7 19.Na3 Rbe8 20.e3 g5 21.Nc4 exf4 22.gxf4 
gxf4 23.Rxf4 Be5 24.Rf3 Kh7 25.Qf1 Qg7 26.Kh1 Rf6 27.Qf2 Rg6 28.Bh3 Rg8 
29.Rf1 Kh8 30.Nxe5 dxe5 31.Rg3 Rxg3 32.hxg3 f4 33.Bg2 fxg3 34.Qf6 Qxf6 35.
Rxf6 Kg7 36.Rf3 Bg4 37.Rxg3 h5 38.Bc3 Kf6 39.e4 Nd6 40.Re3 Nf7 41.Re1 Ke7 
42.a5 Bd7 43.Ra1 Bxb5 44.axb6 axb6 45.Ra7+ Kf6 46.Rb7 Bxd3 47.Rxb6+ Ke7 
48.Rb7+ Kf6 49.Rb6+ Ke7 50.Bf1 1/2-1/2

[Event "37th Asia-ch U20"]
[Site "Bishkek KGZ"]
[Date "2015.10.06"]
[Round "4.4"]
[White "Yakubboev, Nodirbek"]
[Black "Chakravarthi Reddy, M"]
[Result "1-0"]
[WhiteElo "2342"]
[BlackElo "2195"]
[EventDate "2015.10.03"]
[PlyCount "143"]

1.e4 e6 2.d4 d5 3.Nd2 Nf6 4.e5 Nfd7 5.Bd3 c5 6.c3 Nc6 7.Ne2 cxd4 8.cxd4 f6
9.exf6 Qxf6 10.Nf3 h6 11.O-O Bd6 12.Ng3 O-O 13.Bc2 Rf7 14.Nh5 Qd8 15.Bg6 
Re7 16.Bf4 Nf8 17.Bc2 Rf7 18.Bg3 g6 19.Bh4 Be7 20.Bxe7 Qxe7 21.Ng3 Bd7 22.
Re1 Rc8 23.Re3 Qf6 24.Qd2 Be8 25.Rae1 Rfc7 26.h4 Ne7 27.Bb1 Nf5 28.Ra3 
Nxh4 29.Qxh6 Rh7 30.Qd2 a6 31.Ne5 Nf5 32.Nf3 Rc4 33.Rd3 Bb5 34.b3 Rcc7 35.
Rc3 Bc6 36.Qf4 Rcf7 37.Bxf5 gxf5 38.Qg5+ Qg7 39.Qxg7+ Rfxg7 40.Ne5 Rh4 41.
Nxc6 bxc6 42.Ne2 Rgh7 43.f3 Rh1+ 44.Kf2 Rxe1 45.Kxe1 Rc7 46.Nf4 Kf7 47.Nd3
Nd7 48.b4 Ke7 49.Kf2 Kd8 50.Ra3 Ra7 51.g4 fxg4 52.fxg4 Nf6 53.Ne5 Kc7 54.
Kg2 Nd7 55.Nf7 Ra8 56.g5 Rg8 57.Rg3 Rg7 58.g6 Nf8 59.Ne5 Kd6 60.Kh3 a5 61.
bxa5 c5 62.a6 Nxg6 63.Nxg6 cxd4 64.Ra3 d3 65.Nf4 d2 66.Rd3 Ke5 67.Ne2 Ke4 
68.Rxd2 Ke3 69.Rb2 Ra7 70.Nc1 Rxa6 71.Kg4 d4 72.Re2# 1-0

[Event "37th Asia-ch U20"]
[Site "Bishkek KGZ"]
[Date "2015.10.06"]
[Round "4.5"]
[White "Zhakypov, Artur"]
[Black "Turar, Dastan"]
[Result "0-1"]
[WhiteElo "1613"]
[BlackElo "2243"]
[EventDate "2015.10.03"]
[PlyCount "46"]

1.e4 e6 2.d4 d5 3.Nd2 Be7 4.e5 c5 5.Qg4 Kf8 6.Ngf3 h5 7.Qg3 h4 8.Qf4 Nh6 
9.dxc5 g5 10.Qe3 Nf5 11.Qc3 d4 12.Qb3 g4 13.Ng1 Qa5 14.Qb5 Qc7 15.Nb3 Bd7 
16.Qa5 b6 17.cxb6 Qb7 18.Ne2 Nc6 19.Qd2 axb6 20.Nbxd4 b5 21.Nxf5 exf5 22.
Nc3 h3 23.gxh3 Nxe5 0-1

[Event "37th Asia-ch U20"]
[Site "Bishkek KGZ"]
[Date "2015.10.06"]
[Round "4.6"]
[White "Kabilov, Amin"]
[Black "Yuan Qingyu"]
[Result "0-1"]
[WhiteElo "2180"]
[BlackElo "2382"]
[EventDate "2015.10.03"]
[PlyCount "68"]

1.Nf3 Nf6 2.d4 e6 3.Bg5 c5 4.Nc3 Qb6 5.Rb1 Be7 6.d5 O-O 7.e4 d6 8.Be2 h6 
9.Bh4 e5 10.O-O a6 11.a4 Nbd7 12.Nd2 Qc7 13.Nc4 b6 14.Bd3 Qd8 15.Bg3 Ne8 
16.b4 Qc7 17.bxc5 bxc5 18.Qe2 g6 19.Rb3 Ng7 20.Rfb1 Nh5 21.Nb6 Nxb6 22.
Rxb6 Bd8 23.Bxa6 Qxb6 24.Rxb6 Bxb6 25.Bxc8 Rfxc8 26.f3 Nxg3 27.hxg3 c4+ 
28.Kh2 Bd4 29.Nb5 Rxa4 30.Nxd4 exd4 31.Qd2 d3 32.cxd3 c3 33.Qc2 Ra2 34.
Qxa2 c2 0-1

[Event "37th Asia-ch U20"]
[Site "Bishkek KGZ"]
[Date "2015.10.06"]
[Round "4.7"]
[White "Isaev, Chyngyz"]
[Black "Mamatov, Melis"]
[Result "1-0"]
[WhiteElo "2193"]
[BlackElo "2096"]
[EventDate "2015.10.03"]
[PlyCount "77"]

1.d4 e6 2.g3 f5 3.Bg2 Nf6 4.Nh3 Be7 5.O-O O-O 6.c4 d6 7.Qb3 c6 8.Rd1 Qb6 
9.Qxb6 axb6 10.Nc3 Bd8 11.d5 Be7 12.b3 e5 13.Bb2 Bd7 14.Rd2 Ra7 15.a4 Na6 
16.dxc6 bxc6 17.Nb5 cxb5 18.axb5 Ne4 19.Rdd1 Rfa8 20.bxa6 Bc8 21.f4 exf4 
22.Nxf4 Rxa6 23.Nd5 Bd8 24.Bxe4 fxe4 25.Kf2 Bb7 26.Ke3 Ra2 27.Rab1 Bg5+ 
28.Kxe4 Re8+ 29.Kd3 Bxd5 30.cxd5 Re3+ 31.Kc4 Ra5 32.Bd4 Rxe2 33.Bxb6 Ra8 
34.h4 Bf6 35.Kb5 Rb8 36.Rbc1 Rb2 37.Kc6 Rxb3 38.Bc7 R8b7 39.Kxd6 1-0

[Event "37th Asia-ch U20"]
[Site "Bishkek KGZ"]
[Date "2015.10.06"]
[Round "4.10"]
[White "Jayasundara, P K U M"]
[Black "Kenenbaev, Aidar"]
[Result "1/2-1/2"]
[WhiteElo "1955"]
[BlackElo "1911"]
[EventDate "2015.10.03"]
[PlyCount "53"]

1.e4 c5 2.Nc3 d6 3.f4 g6 4.Nf3 Bg7 5.Bc4 Nc6 6.Bb5 Bd7 7.Bxc6 Bxc6 8.d3 e6
9.O-O Ne7 10.Qe1 O-O 11.b3 b5 12.Bb2 Qd7 13.Qh4 h6 14.Rae1 Rfe8 15.Nd1 
Bxb2 16.Nxb2 Kg7 17.Nd1 a5 18.Ne3 f5 19.e5 Bxf3 20.gxf3 Kh7 21.Kh1 Rg8 22.
Rg1 Rg7 23.Rg2 d5 24.Reg1 d4 25.Nd1 Rh8 26.a3 b4 27.a4 1/2-1/2

[Event "37th Asia-ch U20"]
[Site "Bishkek KGZ"]
[Date "2015.10.07"]
[Round "5.1"]
[White "Sunilduth Lyna, Narayanan"]
[Black "Javanbakht, Nima"]
[Result "1-0"]
[WhiteElo "2476"]
[BlackElo "2401"]
[EventDate "2015.10.03"]
[PlyCount "95"]

1.d4 d5 2.c4 e6 3.Nc3 c6 4.e3 Nf6 5.Nf3 Nbd7 6.Qc2 Bd6 7.Bd3 dxc4 8.Bxc4 
O-O 9.O-O b5 10.Be2 Bb7 11.e4 e5 12.dxe5 Nxe5 13.Nd4 Bc5 14.Nf5 Qb6 15.Bg5
Nfg4 16.Bh4 Bc8 17.h3 Nf6 18.a4 Bxf5 19.exf5 Rac8 20.Bxf6 gxf6 21.Ne4 Be7 
22.a5 Qd4 23.Rfd1 Qb4 24.f4 Nc4 25.Bxc4 bxc4 26.Qc3 Qxc3 27.bxc3 Rfd8 28.
Rxd8+ Rxd8 29.Ra4 Rd5 30.g4 Kg7 31.Rxc4 Rxa5 32.Rxc6 Rd5 33.Kf2 h6 34.c4 
Ra5 35.c5 Ra4 36.Ke3 Ra3+ 37.Kd4 Rxh3 38.g5 hxg5 39.fxg5 Rh4 40.gxf6+ 
Bxf6+ 41.Rxf6 Rxe4+ 42.Kxe4 Kxf6 43.Kd5 a5 44.Kd6 a4 45.c6 a3 46.c7 a2 47.
c8=Q a1=Q 48.Qh8+ 1-0

[Event "37th Asia-ch U20"]
[Site "Bishkek KGZ"]
[Date "2015.10.07"]
[Round "5.2"]
[White "Turar, Dastan"]
[Black "Yakubboev, Nodirbek"]
[Result "1/2-1/2"]
[WhiteElo "2243"]
[BlackElo "2342"]
[EventDate "2015.10.03"]
[PlyCount "143"]

1.d4 Nf6 2.Nf3 d5 3.c4 e6 4.Nc3 Bb4 5.Bg5 Nbd7 6.e3 c5 7.cxd5 exd5 8.Bd3 
Qa5 9.Qc2 O-O 10.O-O c4 11.Bf5 Re8 12.Nd2 g6 13.Bxd7 Nxd7 14.Rae1 Nb6 15.
f3 Bd7 16.Bh4 Na4 17.Ndb1 Nxc3 18.Nxc3 Bc6 19.e4 Bf8 20.Qf2 Bg7 21.e5 Bd7 
22.h3 Bf5 23.Kh2 Bd3 24.Rg1 Re6 25.f4 Rb6 26.g4 f5 27.exf6 Bf8 28.Qd2 Qb4 
29.Rg2 Kf7 30.f5 Qd6+ 31.Kh1 Re8 32.Rxe8 Kxe8 33.Qe3+ Kf7 34.Rf2 Qd7 35.
Qf3 Rd6 36.Kg1 Qc6 37.Bg3 Rd7 38.Be5 b5 39.a3 a5 40.h4 b4 41.axb4 axb4 42.
Nd1 Be4 43.Qh3 Ra7 44.h5 gxf5 45.g5 Ra1 46.Rf1 Qa4 47.g6+ hxg6 48.h6 Bxh6 
49.Qxh6 Qe8 50.Qh7+ Ke6 51.Qb7 g5 52.f7 Qxf7 53.Qb6+ Ke7 54.Bd6+ Kd7 55.
Bc5 Qe6 56.Qb7+ Ke8 57.Nf2 Rxf1+ 58.Kxf1 b3 59.Qb8+ Kf7 60.Qb7+ Kg6 61.Bf8
Qf6 62.Bc5 Qe6 63.Bf8 Qf6 64.Bc5 Qe6 65.Bf8 Qf7 66.Qc6+ Qf6 67.Qe8+ Qf7 
68.Qc6+ Qf6 69.Qe8+ Qf7 70.Qc6+ Qf6 71.Qe8+ Qf7 72.Qc6+ 1/2-1/2

[Event "37th Asia-ch U20"]
[Site "Bishkek KGZ"]
[Date "2015.10.07"]
[Round "5.3"]
[White "Harsha, Bharathakoti"]
[Black "Mosadeghpour, Masoud"]
[Result "1/2-1/2"]
[WhiteElo "2384"]
[BlackElo "2420"]
[EventDate "2015.10.03"]
[PlyCount "89"]

1.c4 Nf6 2.g3 g6 3.Bg2 d5 4.cxd5 Nxd5 5.Nc3 c6 6.Nf3 Bg7 7.d4 O-O 8.O-O 
Na6 9.Qb3 Nb6 10.Rd1 Nc7 11.h3 Be6 12.Qc2 Rc8 13.Ng5 Nbd5 14.Nxe6 Nxe6 15.
e3 Qd7 16.h4 Rfd8 17.Bd2 Nxc3 18.bxc3 c5 19.Qb3 b6 20.a4 Rb8 21.Be1 Qd6 
22.Qa3 Rdc8 23.Rab1 Rd8 24.Bf3 h6 25.a5 b5 26.h5 b4 27.cxb4 cxd4 28.hxg6 
fxg6 29.Qb3 Kh7 30.Bg2 a6 31.Rbc1 Qe5 32.Rc6 Rd6 33.Rxd6 exd6 34.exd4 Nxd4
35.Qd3 Rb5 36.Be4 Qh5 37.f4 Qg4 38.Bf2 Rxb4 39.Rd2 Rb3 40.Bxg6+ Kh8 41.Qe4
Nf3+ 42.Kg2 Nh4+ 43.Kg1 Nf3+ 44.Kg2 Nh4+ 45.Kg1 1/2-1/2

[Event "37th Asia-ch U20"]
[Site "Bishkek KGZ"]
[Date "2015.10.07"]
[Round "5.4"]
[White "Yuan Qingyu"]
[Black "Isakjanov, Kelsinbek"]
[Result "1-0"]
[WhiteElo "2382"]
[BlackElo "1986"]
[EventDate "2015.10.03"]
[PlyCount "143"]

1.c4 Nf6 2.Nc3 g6 3.e4 d6 4.d4 Bg7 5.Be2 Nc6 6.d5 Nb8 7.Nf3 O-O 8.O-O e5 
9.Ne1 Ne8 10.Nd3 f5 11.f4 fxe4 12.Nxe4 Bf5 13.Ng3 e4 14.Ne1 c5 15.Nc2 a5 
16.Ne3 Bd4 17.Kh1 Ng7 18.Rb1 Nd7 19.b3 Qe7 20.Qd2 b6 21.Bb2 Qf6 22.a4 Rae8
23.Rfd1 Bxb2 24.Qxb2 Qxb2 25.Rxb2 Nf6 26.Re1 h5 27.Kg1 h4 28.Nh1 Kf7 29.
Bd1 Bd7 30.g4 hxg3 31.hxg3 Nf5 32.Nxf5 gxf5 33.Rh2 Rh8 34.Nf2 Rxh2 35.Kxh2
Kg6 36.Kg2 Rh8 37.Re3 Be8 38.g4 fxg4 39.Nxe4 Rh3 40.Ng3 Bf7 41.Re7 Bxd5+ 
42.cxd5 Nxd5 43.Re4 Nc3 44.f5+ Kf7 45.Re1 Rh4 46.Ne4 Nxe4 47.Rxe4 Rh3 48.
Rxg4 Rd3 49.Be2 Rd2 50.Kf3 Kf6 51.Ke3 Rb2 52.Bc4 Kxf5 53.Rg8 Rh2 54.Rf8+ 
Ke5 55.Re8+ Kf5 56.Re6 Rh3+ 57.Kd2 Rh2+ 58.Kc3 Rh3+ 59.Kc2 Rh2+ 60.Kd3 
Rh3+ 61.Re3 Rh4 62.Kc3 Rh6 63.Bd3+ Kf6 64.Kc4 Rh4+ 65.Kd5 Rd4+ 66.Kc6 d5 
67.Bb5 Rd1 68.Kxb6 d4 69.Rd3 Rc1 70.Bc4 Ke5 71.Kxc5 Ke4 72.Rxd4+ 1-0

[Event "37th Asia-ch U20"]
[Site "Bishkek KGZ"]
[Date "2015.10.07"]
[Round "5.5"]
[White "Taalaibekov, Tagir"]
[Black "Isaev, Chyngyz"]
[Result "1/2-1/2"]
[WhiteElo "2202"]
[BlackElo "2193"]
[EventDate "2015.10.03"]
[PlyCount "52"]

1.e4 e6 2.d4 d5 3.exd5 exd5 4.Bd3 Nf6 5.Ne2 Bd6 6.O-O Nc6 7.c3 Ne7 8.Bf4 
Bf5 9.Bxf5 Nxf5 10.Qd3 Qd7 11.Nd2 O-O 12.Bxd6 Nxd6 13.f3 c6 14.Ng3 Rfe8 
15.Rfe1 Rxe1+ 16.Rxe1 Re8 17.Rxe8+ Nfxe8 18.b3 Nc7 19.c4 b6 20.Ngf1 Qe6 
21.Ne3 Qg6 22.Qxg6 fxg6 23.cxd5 cxd5 24.a4 Kf7 25.Kf2 Ne6 26.Nxd5 Nxd4 
1/2-1/2

[Event "37th Asia-ch U20"]
[Site "Bishkek KGZ"]
[Date "2015.10.07"]
[Round "5.6"]
[White "Chakravarthi Reddy, M"]
[Black "Sezdbekov, Ruslan"]
[Result "0-1"]
[WhiteElo "2195"]
[BlackElo "1818"]
[EventDate "2015.10.03"]
[PlyCount "94"]

1.c4 Nf6 2.Nc3 e5 3.Nf3 Nc6 4.a3 a5 5.e3 d6 6.d4 Bg4 7.Be2 Be7 8.O-O O-O 
9.d5 Nb8 10.e4 Nbd7 11.Be3 Nb6 12.Bxb6 cxb6 13.Ne1 Bxe2 14.Qxe2 Nd7 15.b3 
Nc5 16.Rb1 Qd7 17.Nc2 Bg5 18.b4 axb4 19.axb4 Na6 20.g3 Qh3 21.Na4 Bd8 22.
Qe3 f5 23.exf5 Rxf5 24.f4 b5 25.cxb5 Nb8 26.Nc3 Nd7 27.Qe2 Rc8 28.Ne4 exf4
29.gxf4 Bb6+ 30.Kh1 Re8 31.Rbe1 Rh5 32.Qg2 Qxg2+ 33.Kxg2 Rxd5 34.Kh1 Kf7 
35.Re2 Nf6 36.Nxf6 gxf6 37.Rfe1 Rxe2 38.Rxe2 Rf5 39.Rd2 d5 40.Kg2 Rxf4 41.
Kg3 Rc4 42.Ne1 Ke6 43.Nd3 Bc7+ 44.Kf3 Bd6 45.Kg2 Rd4 46.h3 Bxb4 47.Rb2 Bc3
0-1

[Event "37th Asia-ch U20"]
[Site "Bishkek KGZ"]
[Date "2015.10.07"]
[Round "5.7"]
[White "Isakjanov, Aibek"]
[Black "Zhakypov, Artur"]
[Result "1/2-1/2"]
[WhiteElo "1832"]
[BlackElo "1613"]
[EventDate "2015.10.03"]
[PlyCount "49"]

1.e4 e6 2.d4 d5 3.Nd2 c5 4.exd5 Qxd5 5.dxc5 Bxc5 6.Qf3 Qxf3 7.Ngxf3 Nc6 8.
Bb5 Bd7 9.Ne4 Be7 10.O-O Nf6 11.Nxf6+ Bxf6 12.c3 Ne5 13.Bxd7+ Nxd7 14.Bf4 
O-O-O 15.Rfd1 Nb8 16.Ne5 Bxe5 17.Bxe5 f6 18.Bf4 Nc6 19.Kf1 e5 20.Be3 b6 
21.b3 Ne7 22.Ke2 Nf5 23.f3 Nxe3 24.Kxe3 Kc7 25.Ke4 1/2-1/2

[Event "37th Asia-ch U20"]
[Site "Bishkek KGZ"]
[Date "2015.10.07"]
[Round "5.8"]
[White "Kabilov, Amin"]
[Black "Akunov, Maksat"]
[Result "1-0"]
[WhiteElo "2180"]
[BlackElo "1881"]
[EventDate "2015.10.03"]
[PlyCount "25"]

1.Nf3 d5 2.d4 Nf6 3.Bf4 e6 4.e3 Be7 5.Bd3 b6 6.Nbd2 Bb7 7.Ne5 O-O 8.Qf3 c5
9.c3 Nc6 10.Qh3 Re8 11.Ndf3 a6 12.Nxf7 Kxf7 13.Ng5+ 1-0

[Event "37th Asia-ch U20"]
[Site "Bishkek KGZ"]
[Date "2015.10.07"]
[Round "6.1"]
[White "Yuan Qingyu"]
[Black "Sunilduth Lyna, Narayanan"]
[Result "1/2-1/2"]
[WhiteElo "2382"]
[BlackElo "2476"]
[EventDate "2015.10.03"]
[PlyCount "67"]

1.c4 e5 2.Nc3 Bb4 3.Nd5 a5 4.g3 Ne7 5.Bg2 O-O 6.e3 c6 7.Nxb4 axb4 8.d4 
exd4 9.Qxd4 d6 10.Ne2 c5 11.Qd3 Nbc6 12.O-O Ne5 13.Qc2 b3 14.Qxb3 Be6 15.
Qc2 Bxc4 16.Bxb7 Bd5 17.Bxd5 Nxd5 18.e4 Nb4 19.Qb3 Qb8 20.f4 c4 21.Qc3 
Rxa2 22.Be3 Qa8 23.Rxa2 Nxa2 24.Qd4 Ng4 25.Ra1 Qa4 26.h3 Nxe3 27.Qxe3 Ra8 
28.Nc3 Qb3 29.Qd2 h6 30.Kh2 Ra6 31.h4 Nb4 32.Rxa6 Nxa6 33.Kh3 Nb4 34.Qxd6 
1/2-1/2

[Event "37th Asia-ch U20"]
[Site "Bishkek KGZ"]
[Date "2015.10.07"]
[Round "6.2"]
[White "Mosadeghpour, Masoud"]
[Black "Yakubboev, Nodirbek"]
[Result "1-0"]
[WhiteElo "2420"]
[BlackElo "2342"]
[EventDate "2015.10.03"]
[PlyCount "94"]

1.e4 c6 2.d4 d5 3.Nd2 dxe4 4.Nxe4 Nf6 5.Nxf6+ exf6 6.c3 Bd6 7.Bd3 O-O 8.
Qc2 Re8+ 9.Ne2 h6 10.O-O Nd7 11.Bf4 Nf8 12.Bxd6 Qxd6 13.Rfe1 Bd7 14.Qd2 
Ne6 15.Ng3 Rad8 16.Nf5 Qc7 17.Re3 Ng5 18.Rae1 Rxe3 19.Rxe3 Bxf5 20.Bxf5 g6
21.Bc2 Kg7 22.Qe1 Nh7 23.h4 Rd7 24.h5 f5 25.hxg6 fxg6 26.Re6 Nf6 27.g3 Ng8
28.g4 Rf7 29.Qe3 Rf6 30.gxf5 gxf5 31.Rxf6 Kxf6 32.Bb3 Qg7+ 33.Kf1 Ne7 34.
c4 Ng6 35.d5 cxd5 36.Qd4+ Kf7 37.Qxd5+ Ke7 38.c5 Qf6 39.Qxb7+ Kf8 40.Qb8+ 
Ke7 41.Qxa7+ Kf8 42.c6 Ne7 43.Qb8+ Kg7 44.Qe8 Qg5 45.Qf7+ Kh8 46.Qf8+ Kh7 
47.Qe8 Qf6 1-0

[Event "37th Asia-ch U20"]
[Site "Bishkek KGZ"]
[Date "2015.10.07"]
[Round "6.3"]
[White "Javanbakht, Nima"]
[Black "Turar, Dastan"]
[Result "1-0"]
[WhiteElo "2401"]
[BlackElo "2243"]
[EventDate "2015.10.03"]
[PlyCount "61"]

1.c4 Nf6 2.d4 g6 3.Nc3 Bg7 4.e4 d6 5.f3 O-O 6.Be3 Nc6 7.Nge2 a6 8.Qd2 Na5 
9.Nc1 Nd7 10.Nb3 c5 11.dxc5 Nxb3 12.axb3 Nxc5 13.Ra3 Be6 14.Be2 Qb6 15.Qc2
f5 16.exf5 Rxf5 17.O-O Re5 18.Bf2 Rf8 19.Kh1 Rh5 20.Bg1 Kh8 21.f4 Rh4 22.
g3 Rh3 23.Bf3 Bf5 24.Qg2 Rh6 25.Rd1 Bh3 26.Qe2 g5 27.Qxe7 gxf4 28.Bd4 Rhf6
29.Bxf6 Rxf6 30.Nd5 Qc6 31.b4 1-0

[Event "37th Asia-ch U20"]
[Site "Bishkek KGZ"]
[Date "2015.10.07"]
[Round "6.4"]
[White "Isaev, Chyngyz"]
[Black "Harsha, Bharathakoti"]
[Result "1/2-1/2"]
[WhiteElo "2193"]
[BlackElo "2384"]
[EventDate "2015.10.03"]
[PlyCount "61"]

1.d4 d5 2.c4 e6 3.Nc3 c6 4.e3 Nf6 5.Nf3 Nbd7 6.Qc2 Bd6 7.b3 O-O 8.Be2 b6 
9.Bb2 Bb7 10.O-O Qe7 11.Rac1 Rac8 12.Rfd1 Rfd8 13.Bf1 c5 14.dxc5 Nxc5 15.
cxd5 exd5 16.h3 Nce4 17.Qd3 Ba3 18.Qb1 Bc5 19.Nd4 g6 20.Qd3 Re8 21.Rc2 Bd6
22.Rdc1 Bb8 23.Nf3 Rcd8 24.Qd4 Kg7 25.Nb5 Nc5 26.Rd1 a6 27.Qxf6+ Qxf6 28.
Bxf6+ Kxf6 29.Nbd4 Rc8 30.Rdc1 Ne6 31.g3 1/2-1/2

[Event "37th Asia-ch U20"]
[Site "Bishkek KGZ"]
[Date "2015.10.07"]
[Round "6.5"]
[White "Taalaibekov, Tagir"]
[Black "Isakjanov, Kelsinbek"]
[Result "0-1"]
[WhiteElo "2202"]
[BlackElo "1986"]
[EventDate "2015.10.03"]
[PlyCount "42"]

1.d4 Nf6 2.g3 g6 3.Bg2 Bg7 4.e4 d6 5.Ne2 O-O 6.O-O e5 7.Nbc3 Nc6 8.dxe5 
Nxe5 9.b3 Bd7 10.f4 Nc6 11.h3 Rb8 12.Be3 Re8 13.Qd2 b5 14.a3 a5 15.Qd3 b4 
16.axb4 Nxb4 17.Qd2 Bc6 18.Rxa5 Nxe4 19.Nxe4 Bxe4 20.Bxe4 Rxe4 21.Nc3 Rxe3
0-1

[Event "37th Asia-ch U20"]
[Site "Bishkek KGZ"]
[Date "2015.10.07"]
[Round "6.6"]
[White "Sezdbekov, Ruslan"]
[Black "Isakjanov, Aibek"]
[Result "1-0"]
[WhiteElo "1818"]
[BlackElo "1832"]
[EventDate "2015.10.03"]
[PlyCount "49"]

1.e4 c5 2.d4 cxd4 3.c3 Nf6 4.e5 Nd5 5.cxd4 e6 6.Nc3 Nxc3 7.bxc3 d6 8.f4 
Nc6 9.Nf3 Be7 10.Bd3 O-O 11.O-O b6 12.Qe1 Bb7 13.Qg3 g6 14.Be3 Na5 15.f5 
exf5 16.Bxf5 Ba6 17.Rf2 dxe5 18.dxe5 Nc4 19.Bd4 Qc7 20.Be4 Bb7 21.Re1 Bxe4
22.Rxe4 Na5 23.Ng5 Nc6 24.Nxf7 Rxf7 25.Rxf7 1-0

[Event "37th Asia-ch U20"]
[Site "Bishkek KGZ"]
[Date "2015.10.07"]
[Round "6.7"]
[White "Zhakypov, Artur"]
[Black "Kabilov, Amin"]
[Result "1/2-1/2"]
[WhiteElo "1613"]
[BlackElo "2180"]
[EventDate "2015.10.03"]
[PlyCount "66"]

1.e4 c5 2.Nf3 Nc6 3.d4 cxd4 4.Nxd4 e5 5.Nb5 d6 6.N1c3 a6 7.Na3 Be7 8.Be3 
Be6 9.Nc4 b5 10.Nb6 Rb8 11.Ncd5 Nf6 12.a4 O-O 13.Nxf6+ Bxf6 14.axb5 axb5 
15.Nd5 Bg5 16.Be2 Bxe3 17.Nxe3 Nd4 18.c3 Nxe2 19.Qxe2 b4 20.c4 Qc7 21.b3 
g6 22.O-O f5 23.Nd5 Bxd5 24.exd5 Ra8 25.Qb2 Qc5 26.Ra2 Ra3 27.Rfa1 Rfa8 
28.Rxa3 Rxa3 29.Rb1 Qa7 30.Qd2 Qd4 31.Qg5 Rxb3 32.Qd8+ Kg7 33.Qe7+ Kg8 
1/2-1/2

[Event "37th Asia-ch U20"]
[Site "Bishkek KGZ"]
[Date "2015.10.07"]
[Round "6.8"]
[White "Jayasundara, P K U M"]
[Black "Mamatov, Melis"]
[Result "0-1"]
[WhiteElo "1955"]
[BlackElo "2096"]
[EventDate "2015.10.03"]
[PlyCount "42"]

1.e4 c5 2.Nc3 b6 3.Bc4 e6 4.Nf3 Bb7 5.O-O a6 6.a4 Qc7 7.Re1 d6 8.Ba2 Be7 
9.d4 Nd7 10.d5 e5 11.Bc4 Ngf6 12.Nh4 g6 13.Bh6 Ng8 14.Bg7 Bxh4 15.Bxh8 Be7
16.Bg7 f6 17.Qd2 Kf7 18.Bh6 g5 19.Qe2 Nxh6 20.Qh5+ Kg7 21.Re3 Nf8 0-1

[Event "37th Asia-ch U20"]
[Site "Bishkek KGZ"]
[Date "2015.10.07"]
[Round "6.9"]
[White "Akunov, Maksat"]
[Black "Kenenbaev, Aidar"]
[Result "0-1"]
[WhiteElo "1881"]
[BlackElo "1991"]
[EventDate "2015.10.03"]
[PlyCount "76"]

1.d4 Nf6 2.Bg5 c5 3.Bxf6 gxf6 4.d5 Qb6 5.Qc1 f5 6.c4 Bg7 7.Nc3 d6 8.e3 Nd7
9.Nf3 Nf6 10.Rb1 O-O 11.Qc2 e6 12.Bd3 Bd7 13.O-O Qd8 14.Rbd1 Qe7 15.Rfe1 
h6 16.b3 Rad8 17.g3 Ng4 18.e4 fxe4 19.Nxe4 e5 20.Nc3 Nf6 21.Kh1 Ne8 22.Bf5
Bxf5 23.Qxf5 Qd7 24.Qxd7 Rxd7 25.Nd2 f5 26.Nb5 a6 27.Na3 e4 28.Nc2 b5 29.
cxb5 axb5 30.f4 Ra7 31.a3 Bd4 32.Nxd4 cxd4 33.Nb1 d3 34.Rc1 Rc7 35.Rxc7 
Nxc7 36.Rc1 e3 37.Rxc7 d2 38.Nc3 e2 0-1

[Event "37th Asia-ch U20"]
[Site "Bishkek KGZ"]
[Date "2015.10.09"]
[Round "7.1"]
[White "Sunilduth Lyna, Narayanan"]
[Black "Sezdbekov, Ruslan"]
[Result "1/2-1/2"]
[WhiteElo "2476"]
[BlackElo "1818"]
[EventDate "2015.10.03"]
[PlyCount "35"]

1.d4 Nf6 2.c4 e6 3.Nf3 d5 4.Nc3 Nbd7 5.Bf4 c6 6.cxd5 exd5 7.e3 Bb4 8.Bd3 
O-O 9.O-O Re8 10.a3 Bxc3 11.bxc3 Ne4 12.Qc2 Ndf6 13.Ne5 Nh5 14.f3 Nxf4 15.
exf4 Nf6 16.g4 g6 17.f5 g5 18.f4 1/2-1/2

[Event "37th Asia-ch U20"]
[Site "Bishkek KGZ"]
[Date "2015.10.09"]
[Round "7.2"]
[White "Mosadeghpour, Masoud"]
[Black "Yuan Qingyu"]
[Result "1-0"]
[WhiteElo "2420"]
[BlackElo "2382"]
[EventDate "2015.10.03"]
[PlyCount "51"]

1.e4 e5 2.Nf3 Nc6 3.d4 exd4 4.Nxd4 Bc5 5.Nxc6 bxc6 6.Bd3 Ne7 7.Nc3 d5 8.
Qh5 O-O 9.exd5 g6 10.Qf3 Nxd5 11.Ne4 Bd4 12.O-O Bf5 13.c3 Bg7 14.Re1 Rb8 
15.h3 Re8 16.Bg5 f6 17.Bh4 Rxb2 18.Rad1 Kh8 19.c4 Nb4 20.Bf1 Qe7 21.Bxf6 
Bxe4 22.Rxe4 Qf7 23.Rxe8+ Qxe8 24.Bxg7+ Kxg7 25.Qc3+ Kf8 26.Qxb2 1-0

[Event "37th Asia-ch U20"]
[Site "Bishkek KGZ"]
[Date "2015.10.09"]
[Round "7.3"]
[White "Yakubboev, Nodirbek"]
[Black "Javanbakht, Nima"]
[Result "1/2-1/2"]
[WhiteElo "2342"]
[BlackElo "2401"]
[EventDate "2015.10.03"]
[PlyCount "49"]

1.e4 c5 2.Nf3 Nc6 3.Bb5 g6 4.Bxc6 dxc6 5.O-O Bg7 6.d3 Nh6 7.Nc3 f6 8.d4 
cxd4 9.Qxd4 Qxd4 10.Nxd4 Bd7 11.f3 Nf7 12.Be3 O-O-O 13.Rad1 b6 14.a4 Nd6 
15.b3 f5 16.Nde2 fxe4 17.Nxe4 Nxe4 18.fxe4 Bg4 19.Rxd8+ Rxd8 20.Kf2 Rf8+ 
21.Ke1 Rxf1+ 22.Kxf1 Kb7 23.Ke1 Bd7 24.Kd2 c5 25.Kd3 1/2-1/2

[Event "37th Asia-ch U20"]
[Site "Bishkek KGZ"]
[Date "2015.10.09"]
[Round "7.4"]
[White "Turar, Dastan"]
[Black "Harsha, Bharathakoti"]
[Result "1/2-1/2"]
[WhiteElo "2243"]
[BlackElo "2384"]
[EventDate "2015.10.03"]
[PlyCount "87"]

1.d4 d5 2.c4 c6 3.Nc3 Nf6 4.Nf3 e6 5.Bg5 h6 6.Bh4 dxc4 7.e4 g5 8.Bg3 b5 9.
e5 Nd5 10.Nd2 Be7 11.Nde4 h5 12.h3 Bb7 13.h4 g4 14.Be2 Nd7 15.O-O Qb6 16.
Qd2 c5 17.a4 Nxc3 18.Nxc3 cxd4 19.Nxb5 Qc6 20.f3 d3 21.Bxd3 cxd3 22.Rac1 
Nc5 23.b4 Nb3 24.Qf4 Nxc1 25.Rxc1 Qxc1+ 26.Qxc1 Rc8 27.Qf4 O-O 28.Nd6 Rc2 
29.Be1 Re2 30.Bd2 Bd5 31.b5 Bxh4 32.a5 Bd8 33.Kf1 Bh4 34.Kg1 Bd8 35.Kh1 f6
36.Qh6 gxf3 37.Qg6+ Kh8 38.Qh6+ Kg8 39.Qg6+ Kh8 40.Qxh5+ Kg8 41.Qg6+ Kh8 
42.Qh6+ Kg8 43.Qg6+ Kh8 44.Qh6+ 1/2-1/2

[Event "37th Asia-ch U20"]
[Site "Bishkek KGZ"]
[Date "2015.10.09"]
[Round "7.5"]
[White "Isakjanov, Kelsinbek"]
[Black "Isaev, Chyngyz"]
[Result "1/2-1/2"]
[WhiteElo "1986"]
[BlackElo "2193"]
[EventDate "2015.10.03"]
[PlyCount "75"]

1.d4 d5 2.c4 e6 3.Nf3 Nf6 4.Nc3 Be7 5.Bf4 O-O 6.e3 Nbd7 7.Bd3 dxc4 8.Bxc4 
a6 9.O-O b5 10.Bd3 Bb7 11.Rc1 c5 12.Bb1 cxd4 13.exd4 Nb6 14.Be5 Nbd5 15.
Ne4 Nxe4 16.Bxe4 Bf6 17.Re1 g6 18.Qd2 Bg7 19.h3 Rc8 20.Rxc8 Qxc8 21.Rc1 
Qa8 22.Bxg7 Kxg7 23.Ne5 Nf6 24.Bxb7 Qxb7 25.Qc3 Qd5 26.a3 Rb8 27.Qc5 Rb7 
28.Qc8 Ne4 29.Nc6 Nd6 30.Qd8 Nc4 31.Qxd5 exd5 32.b3 Nxa3 33.Ra1 b4 34.Nxb4
Rxb4 35.Rxa3 Rxd4 36.Rxa6 Rb4 37.Rd6 Rxb3 38.Rxd5 1/2-1/2

[Event "37th Asia-ch U20"]
[Site "Bishkek KGZ"]
[Date "2015.10.09"]
[Round "7.6"]
[White "Kabilov, Amin"]
[Black "Taalaibekov, Tagir"]
[Result "0-1"]
[WhiteElo "2180"]
[BlackElo "2202"]
[EventDate "2015.10.03"]
[PlyCount "52"]

1.Nf3 e6 2.g3 b6 3.Bg2 Bb7 4.O-O Nf6 5.d3 d5 6.Nbd2 Be7 7.b3 d4 8.Bb2 c5 
9.e3 dxe3 10.fxe3 O-O 11.Qe2 Nbd7 12.a4 a6 13.e4 Qc7 14.Bh3 b5 15.Qe3 e5 
16.Qe2 Rfe8 17.Nh4 Bf8 18.Ng2 Qb6 19.a5 Qd6 20.Ne3 g6 21.Ng4 Nxg4 22.Bxg4 
Bg7 23.Rf2 Rf8 24.c4 b4 25.Raf1 Rad8 26.Rf3 f5 0-1

[Event "37th Asia-ch U20"]
[Site "Bishkek KGZ"]
[Date "2015.10.09"]
[Round "7.7"]
[White "Mamatov, Melis"]
[Black "Chakravarthi Reddy, M"]
[Result "0-1"]
[WhiteElo "2096"]
[BlackElo "2195"]
[EventDate "2015.10.03"]
[PlyCount "39"]

1.d4 d5 2.Nc3 Nf6 3.Nf3 g6 4.Bf4 Bg7 5.Qd2 c5 6.dxc5 Nc6 7.O-O-O O-O 8.Bh6
Qa5 9.Bxg7 Kxg7 10.h4 Rd8 11.h5 d4 12.Nb5 Qxb5 13.hxg6 Qxc5 14.Qh6+ Kg8 
15.Ng5 fxg6 16.Nxh7 Bf5 17.Rd2 Kf7 18.Ng5+ Ke8 19.Qg7 Qe5 20.Qf7+ 0-1

[Event "37th Asia-ch U20"]
[Site "Bishkek KGZ"]
[Date "2015.10.09"]
[Round "7.8"]
[White "Kenenbaev, Aidar"]
[Black "Zhakypov, Artur"]
[Result "1-0"]
[WhiteElo "1991"]
[BlackElo "1613"]
[EventDate "2015.10.03"]
[PlyCount "72"]

1.e4 e6 2.d3 d5 3.Nd2 Nf6 4.Ngf3 c5 5.g3 Nc6 6.Bg2 Be7 7.O-O O-O 8.Re1 b5 
9.exd5 exd5 10.d4 cxd4 11.Nb3 b4 12.Nbxd4 Bd7 13.Be3 a5 14.Qd3 Rc8 15.Rac1
Re8 16.Nf5 Bxf5 17.Qxf5 Ne4 18.Rcd1 Nf6 19.Ng5 g6 20.Qd3 h6 21.Nh3 Kg7 22.
Nf4 Rc7 23.Nxd5 Nxd5 24.Bxd5 Ne5 25.Bd4 Bf6 26.f4 Qxd5 27.Bxe5 Qxd3 28.
cxd3 Bxe5 29.fxe5 Rc2 30.d4 Rxb2 31.d5 Rxa2 32.d6 Rc2 33.e6 fxe6 34.Rxe6 
Rd8 35.Re7+ Kg8 36.d7 Rf2 1-0